Statistics for Paul George Quiz

Click here to take the quiz!

General Stats

  • This quiz has been taken 4,278 times
  • The average score is 3 of 10

Answer Stats

QuestionAnswer% Correct
What is Paul George's jersey number?13
88%
When was Paul George drafted?2010
85%
How tall is Paul George?6'9
65%
What is Paul George's instagram name?ygtrece
26%
Where did Paul George go to college?Fresno State
21%
Who is Paul George's enemy?Russell Westbrook
3%
What is Paul George's career high in points?48 points
2%
What dunk did Paul George do vs the Clippers?360 Windmill Slam
1%
Who did Paul George dunk over in 2012 dunk contestRoy Hibbert and Dantahy Jones
0%
How many points per game does Paul George average?26.4 ppg
0%

Score Distribution

Percentile by Number Answered

Percent of People with Each Score

Your Score History

You have not taken this quiz